| 000 | 00903nam a2200265 i 4500 | ||
|---|---|---|---|
| 001 | 175376 | ||
| 003 | ES-MaACL | ||
| 005 | 20251218174601.0 | ||
| 007 | t| | ||
| 008 | 101025s1973 sp o r ||||1| spa d | ||
| 020 | _a369-0252-1 | ||
| 080 | _a75 Vaquero, Joaquín | ||
| 080 | _a929 Vaquero, Joaquín | ||
| 100 | 1 |
_aSolís, Ramón, _d1923-1978 _9107215 |
|
| 245 | 1 | 0 |
_aVaquero / _cRamón Solís. |
| 260 |
_a[Madrid : _bDirección General de Bellas Artes, _c1973] |
||
| 300 |
_a102 p. : _bfot. col. y n. ; _c17 cm. |
||
| 490 | 1 |
_aArtistas españoles contemporáneos. Pintores ; _v42 |
|
| 504 | _aBibliografía: p. 97-102. | ||
| 600 | 1 | 4 |
_aVaquero, Joaquín. _9113094 |
| 710 | 1 |
_aEspaña. _bDirección General de Bellas Artes. _93704 |
|
| 830 | 0 |
_aArtistas españoles contemporáneos. Pintores _v42 _9189664 |
|
| 852 |
_aES-MaACL _j2261-F-42 _xOlim P-1916 |
||
| 999 |
_c175376 _d175376 |
||